Religion in Turkmenistan - Statistics

General Stats
  • This quiz has been taken 65 times
  • The average score is 3 of 3
Answer Stats
Percent Religion % Correct
89% Islam
98%
9% Christianity
96%
2% Unknown
67%
No matching quizzes found
Score Distribution
Percent of People with Each Score
Percentile by Number Answered
Your Score History
You have not taken this quiz